Roads in Adams County, Pennsylvania - Map Quiz - Statistics

General Stats
  • This quiz has been taken 7 times
  • The average score is 5 of 13
Answers on the Map
Answers color-coded by a green-red scale on the quiz's map according to % correct below.
 
Answer Stats
Answer % Correct
PA 97
75%
US 15
75%
US 15 Business
75%
PA 94
50%
US 30
50%
PA 116
25%
PA 134
25%
PA 16
25%
PA 233
25%
PA 234
25%
PA 34
25%
PA 394
25%
PA 194
0%
No matching quizzes found
Score Distribution
Percent of People with Each Score
Percentile by Number Answered
Your Score History
You have not taken this quiz